01177cam a22003257a 4500003000500000005001700005008004100022010001000063011001000073035001000083040000900093082001700102100003200119245009300151260007900244300001100323490002700334590004100361590004100402590004100443590004200484650003400526650001800560830003500578901000700613942001000620949006700630999001700697952013700714CHAP20220329140550.0971013s1958 r 00010 d a54035 a55007 a59159 cCHAP a551.5724bS300aSellers, William D.910381114aThe annual and diurnal variations of cloud amounts and cloud types at six Arizona cities a(Tucson) :bUniversity of Arizona. Institute of Atmospheric Physics,c1958 a104 p. 0aScinetific reportv; 8 aBATCH-UPDb10c20130110lUCH01h0407 aBATCH-UPDb10c20130410lUCH01h0041 aBATCH-UPDb10c20130914lUCH01h1815 aCONVERSIONb10c20130109lUCH01h132914aMeteorologíaxE.U.A.97520014aNubes.9821110 aScinetific reportv; 89103333 aBK cLIBRO a551.5724 S3bBCcLIBROd33724000460192eLIBROh43225i59159si c54035d54035 00102ddc4052708GRALaBCbBCcPA_GRALd2019-12-31fLIBROl0o551.5724 S3p33724000460192r2019-12-31 00:00:00w2019-12-31yLIBRO